000 00888nac a22002651u 4500
999 _c313
_d313
003 EG-ScBUE
005 20210315101954.0
008 200219r19981989le f 000 1 eng d
040 _aEG-ScBUE
_beng
_erda
_cEG-ScBUE
_dEG-ScBUE
082 0 4 _a823.8
_bELI
_222
100 1 _aEliot, George,‏
_d1819-1880,
_eauthor.
245 1 4 _aThe mill on the floss :
_bwith an introduction, a guide, notes and a glossary /
_cGeorge Eliot.
250 _aReprinted edition.
264 1 _aBeirut :
_bYork Press,
_c1998.
300 _axxvii, 640 pages ;
_c24 cm.
336 _2rdacontent
_atext
_btxt
337 _2rdamedia
_aunmediated
_bn
338 _2rdacarrier
_avolume
_bnc
490 0 _aYork classics
650 7 _aBrothers and sisters
_vFiction.
_2BUEsh
651 7 _aEngland
_vFiction.
_2BUEsh
653 _bHHUUEENN
_cMarch2021
655 _vReading book
_934232
942 _cBB
_k823E427
_2ddc